Cytotoxic activity of andrographis paniculata (burm f.) nees (Record no. 75145)
[ view plain ]
| 000 -LEADER | |
|---|---|
| fixed length control field | 02928nam a22003257i 4500 |
| 003 - CONTROL NUMBER IDENTIFIER | |
| control field | URS |
| 003 - CONTROL NUMBER IDENTIFIER | |
| control field | URS |
| 005 - DATE AND TIME OF LATEST TRANSACTION | |
| control field | 20240416181613.0 |
| 008 - FIXED-LENGTH DATA ELEMENTS--GENERAL INFORMATION | |
| fixed length control field | 190115b xxu||||| |||| 00| 0 eng d |
| 040 ## - CATALOGING SOURCE | |
| Original cataloging agency | URS |
| Language of cataloging | eng |
| Description conventions | rda |
| 041 ## - LANGUAGE CODE | |
| Language code of text/sound track or separate title | eng |
| 050 00 - LIBRARY OF CONGRESS CALL NUMBER | |
| Classification number | QK99 |
| Item number | .C99 2018 |
| 245 ## - TITLE STATEMENT | |
| Title | Cytotoxic activity of andrographis paniculata (burm f.) nees |
| Statement of responsibility, etc. | Aira Honey Leth B. Lopez... [et. al] |
| 260 ## - PUBLICATION, DISTRIBUTION, ETC. | |
| Date of publication, distribution, etc. | 2018 |
| 300 ## - PHYSICAL DESCRIPTION | |
| Extent | x, 48 leaves : |
| Other physical details | colour illustrations ; |
| Dimensions | 28 cm |
| 336 ## - CONTENT TYPE | |
| Source | rda content |
| Content type term | text |
| 337 ## - MEDIA TYPE | |
| Source | rda media |
| Media type term | unmediated |
| 338 ## - CARRIER TYPE | |
| Source | rda carrier |
| Carrier type term | volume |
| 502 ## - DISSERTATION NOTE | |
| Degree type | Thesis (Bachelor of Science in Biology) -- University of Rizal System-Morong. |
| 520 ## - SUMMARY, ETC. | |
| Summary, etc. | EXECUTIVE SUMMARY: The study aimed to find the cytotoxic activity of sinta leaves extract and explore the biological activity and utilization of this plant that may encourage propagation of this Philippine Herb. The study was conducted from July 2017 to January 2018, in University of Rizal System Morong, Rizal. Experimental research design was employed in the study. The extraction of Sinta Leaves was done at food testing lavoratory, University of Rizal System, Morong Campus. The Cytotoxic assay was conducted at the Biological Research and Service Laboratory, Natural Sciences Research Institute Building in University of the Philippines-Diliman, Quezon City. To determine the cytotoxic activity of Sinta Leaves extract, MTT Assay was used. it is a text that is widely used to identify cytotoxic potential of plant. Viability of cells grown in culture is widely used to identify potential toxic effects. Among the several alternative assays available MTT is the reliable and convenient method of identifying toxicity. Measuring proliferation, viability and cytotoxicity are commonly used to monitor the response of cells in culture after treatment of various stimuli. The test subject used is Sinta, since it is use by many and generally known for its uses. In determining the rate of the percentage survival of untreated and treated in Sinta Leaves Extract, Media, Triton X-100 and Sinta was used. the Cytotoxic Activity of Andrographis Paniculata (burm f.) Nees (Sinta) Leaves Extract, determined by calculating the percentage survival of the cell. The result shows that, Sinta leaves extract has shown no cytotoxic activity but it increases the percentage of the cell. Based from the findings of the study, it is recommended to conduct another cytotoxic test with different method to confirm the conclusion. |
| 650 ## - SUBJECT ADDED ENTRY--TOPICAL TERM | |
| Topical term or geographic name entry element | Medicinal plants. |
| 650 ## - SUBJECT ADDED ENTRY--TOPICAL TERM | |
| Topical term or geographic name entry element | Andrographis paniculata nees. |
| 700 1# - ADDED ENTRY--PERSONAL NAME | |
| Personal name | Campo, Lester C. |
| Relator term | author |
| 700 1# - ADDED ENTRY--PERSONAL NAME | |
| Personal name | Lacao, Krisna Marie L. |
| Relator term | author |
| 700 1# - ADDED ENTRY--PERSONAL NAME | |
| Personal name | Latoja, Rica G. |
| Relator term | author |
| 700 1# - ADDED ENTRY--PERSONAL NAME | |
| Personal name | Ramos, Anna Pauline H. |
| Relator term | author |
| 700 1# - ADDED ENTRY--PERSONAL NAME | |
| Personal name | Gatchalian Jr., Eduardo D. |
| Relator term | degree supervisor |
| 856 ## - ELECTRONIC LOCATION AND ACCESS | |
| Materials specified | Online Request for Student Unpublished Works |
| Uniform Resource Identifier | <a href="https://forms.gle/7LqvGGkaDrUQqz429">https://forms.gle/7LqvGGkaDrUQqz429</a> |
| 942 ## - ADDED ENTRY ELEMENTS (KOHA) | |
| Source of classification or shelving scheme | Library of Congress Classification |
| Koha item type | Theses and dissertations |
No items available.